LEADER 02086nam 2200385z- 450 001 9910346723003321 005 20231214141225.0 010 $a1000028702 035 $a(CKB)4920000000094471 035 $a(oapen)https://directory.doabooks.org/handle/20.500.12854/45998 035 $a(EXLCZ)994920000000094471 100 $a20202102d2012 |y 0 101 0 $ager 135 $aurmn|---annan 181 $ctxt$2rdacontent 182 $cc$2rdamedia 183 $acr$2rdacarrier 200 10$aEinfluss des Alkali/Niob-Verhältnisses und der Kupferdotierung auf das Sinterverhalten, die Strukturbildung und die Mikrostruktur von bleifreier Piezokeramik (K0,5Na0,5)NbO3 210 $cKIT Scientific Publishing$d2012 215 $a1 electronic resource (V, 158 p. p.) 225 1 $aSchriftenreihe des Instituts für Angewandte Materialien, Karlsruher Institut für Technologie 311 $a3-86644-867-8 330 $aKalium-Natrium-Niobat (KNN) ist eine bleifreie ferroelektrische Keramik. Seine Herstellung ist aufgrund des hygroskopischen Verhaltens von Alkalikarbonat und Verdampfung bei hohen Temperaturen eine Herausforderung. Während des Herstellungsverfahrens wird die erwünschte Stöchiometrie schwanken. Undotierten und kupferdotierten KNN mit Alkali- oder Niobüberschüssen wurden hergestellt. Ihre Strukturbildung, Sinterverhalten, Mikrostrukturbildung und ihre elektrischen Eigenschaften werden untersucht. 517 $aEinfluss des Alkali/Niob-Verhältnisses und der Kupferdotierung auf das Sinterverhalten, die Strukturbildung und die Mikrostruktur von bleifreier Piezokeramik 517 $aEinfluss des Alkali/Niob-Verhältnisses und der Kupferdotierung auf das Sinterverhalten, die Strukturbildung und die Mikrostruktur von bleifreier Piezokeramik 610 $aferroelektrisch 610 $aStöchiometrie 610 $apiezoelektrisch 610 $aKeramik 610 $ableifrei 700 $aAcker$b Jérôme$4auth$01325386 906 $aBOOK 912 $a9910346723003321 996 $aEinfluss des Alkali$93036830 997 $aUNINA LEADER 01143nas 2200385 c 450 001 9910893840603321 005 20260218111115.0 035 $a(CKB)5280000000200538 035 $a(DE-101)1062575121 035 $a(DE-599)ZDB2800877-7 035 $a(DE-599)2800877-7 035 $a(EXLCZ)995280000000200538 100 $a20141125b19371943 |y | 101 0 $ager 135 $aur||||||||||| 181 $ctxt$2rdacontent 182 $cc$2rdamedia 183 $acr$2rdacarrier 200 00$aAmtliches Fernsprechbuch für den Bezirk der Reichspostdirektion Berlin$fhrsg. von der Reichspostdirektion Berlin 210 31$aBerlin$d1937-1943 215 $aOnline-Ressource 607 $aBerlin$2gnd 608 $aZeitschrift$2gnd-content 608 $aVerzeichnis$2gnd-content 608 $aTelefonbuch$2gnd-content 608 $aTelefonbuch$2gnd 676 $a920 712 02$aReichspostdirektion$4isb 801 0$b0109 801 1$bDE-101 801 2$b9001 906 $aJOURNAL 912 $a9910893840603321 996 $aAmtliches Fernsprechbuch fu?r den Bezirk der Reichspostdirektion Berlin$94231899 997 $aUNINA